000
00248nam a22001097a 4500
082
_a
297.092 KAL'M
100
_a
KALBI, MUHAMMAD ISHAQ
_9
75884
245
_a
MKATABA ALI-O-MAIAVIA
260
_a
KARACHI
_b
USMANI
_c
1979
300
_a
192P
942
_c
BK
999
_c
581296
_d
581296